The Plants World / (Record no. 184849)

000 -LEADER
fixed length control field 00347 a2200157 4500
003 - CONTROL NUMBER IDENTIFIER
control field Nust
005 - DATE AND TIME OF LATEST TRANSACTION
control field 20230223120855.0
040 ## - CATALOGING SOURCE
Transcribing agency Nust
082 ## - DEWEY DECIMAL CLASSIFICATION NUMBER
Classification number 581,PLA
100 ## - MAIN ENTRY--PERSONAL NAME
Personal name Ruth Binny
9 (RLIN) 109517
245 ## - TITLE STATEMENT
Title The Plants World /
260 ## - PUBLICATION, DISTRIBUTION, ETC.
Place of publication, distribution, etc. Chicago
Name of publisher, distributor, etc. World inc
Date of publication, distribution, etc. 1989
300 ## - PHYSICAL DESCRIPTION
Extent 159 p
650 ## - SUBJECT ADDED ENTRY--TOPICAL TERM
Topical term or geographic name entry element The Plants world
9 (RLIN) 109518
942 ## - ADDED ENTRY ELEMENTS (KOHA)
Source of classification or shelving scheme
Koha item type Encyclopedia
Holdings
Withdrawn status Lost status Source of classification or shelving scheme Damaged status Not for loan Permanent Location Current Location Shelving location Date acquired Full call number Barcode Date last seen Copy number Price effective from Koha item type Public note
          Military College of Signals (MCS) Military College of Signals (MCS) Reference 12/12/2016 581,PLA MCS27515 12/08/2016 Vol.V 12/12/2016 Encyclopedia Almirah No.71, Shelf No.4
© 2023 Central Library, National University of Sciences and Technology. All Rights Reserved.